Oslobodenie príspevkov úradov práce fyzickým osobám v rámci aktívnej politiky trhu práce od dane z príjmov

Zákonom č. 64/1999 Z.z., ktorým sa menil a dopĺňal zákon č. 286/1992 Zb. o daniach z príjmov v znení neskorších predpisov sa rozšíril okruh príjmov fyzických osôb, ktoré sú od dane oslobodené. Jednou zo zmien bolo aj doplnenie ustanovenia par. 4 pís. h) o plnenia poskytované v rámci aktívnej politik...

Ausführliche Beschreibung

Gespeichert in:
Bibliographische Detailangaben
1. Verfasser: Piršelová, Dagmar
Format: Buchkapitel
Sprache:Slowakisch
Schlagworte:
Tags: Tag hinzufügen
Keine Tags, Fügen Sie das erste Tag hinzu!

MARC

LEADER 00000naa a2200000 4500
001 r036009
005 20230926081640.8
041 0 |a slo 
044 |a SK 
245 1 0 |a Oslobodenie príspevkov úradov práce fyzickým osobám v rámci aktívnej politiky trhu práce od dane z príjmov  |c Dagmar Piršelová 
520 |a Zákonom č. 64/1999 Z.z., ktorým sa menil a dopĺňal zákon č. 286/1992 Zb. o daniach z príjmov v znení neskorších predpisov sa rozšíril okruh príjmov fyzických osôb, ktoré sú od dane oslobodené. Jednou zo zmien bolo aj doplnenie ustanovenia par. 4 pís. h) o plnenia poskytované v rámci aktívnej politiky trhu práce. Plnenia, ktoré sú v rámci aktívnej politiky trhu práce od dane oslobodené. 
610 2 0 |a dane z príjmov 
610 2 0 |a oslobodenie od daní 
610 2 0 |a úpravy právne 
610 2 0 |a osoby fyzické 
610 2 0 |a politika zamestnanosti 
610 2 0 |a trh práce 
610 2 0 |a úrady práce 
100 1 |a Piršelová, Dagmar